| 000 | 00697nam a2200169Ia 4500 | ||
|---|---|---|---|
| 008 | 090711s9999 xx 000 0 und d | ||
| 082 | _b34251 | ||
| 100 | _aप्रधान ग. प्र | ||
| 245 | _aलोकमान्य टिळक व्यिक्त आणि कार्य | ||
| 260 |
_b"केसरी मुद्रणालय," _c1971 |
||
| 300 | _a67 | ||
| 600 | _aप्रधान ग. प्र | ||
| 630 | _aलोकमान्य टिळक व्यिक्त आणि कार्य | ||
| 700 | _aप्रधान ग. प्र | ||
| 730 | _aलोकमान्य टिळक व्यिक्त आणि कार्य | ||
| 942 | _cBOOK | ||
| 999 |
_c329172 _d329172 |
||